000 00298nam a22001337a 4500
008 180806b xxu||||| |||| 00| 0 eng d
082 _a813.52
245 _aFundamentals of Nursing
_cKluwer,W
260 _c2008
300 _a1
_fCD
440 _x9780781776028
760 _b6th
942 _2ddc
_cMX
999 _c46836
_d46836